A brief history of the Complutense University of Madrid.
Guardat en:
| Autor principal: | |
|---|---|
| Format: | Llibre |
| Publicat: |
Madrid, España:
Complutense University of Madrid, Organizing Committee, Seventh Centennial,
1993.
|
| Edició: | English edition. |
| Matèries: | |
| Etiquetes: |
Afegir etiqueta
Sense etiquetes, Sigues el primer a etiquetar aquest registre!
|
MARC
| LEADER | 00000nam a22000007a 4500 | ||
|---|---|---|---|
| 003 | CL-VaPUC | ||
| 005 | 20220822114754.0 | ||
| 008 | 220801t1993 ||||| |||| 00| 0 eng d | ||
| 999 | |c 437805 |d 437803 | ||
| 040 | |c Pontificia Universidad Católica de Valparaíso | ||
| 082 | 7 | |a 378.46 PER 1993 |2 22 | |
| 100 | 1 | |a Pérez Bustamante, Rogelio |e autor |9 874478 | |
| 245 | |a A brief history of the Complutense University of Madrid. | ||
| 250 | |a English edition. | ||
| 260 | |a Madrid, España: |b Complutense University of Madrid, Organizing Committee, Seventh Centennial, |c 1993. | ||
| 300 | |a 70 páginas. | ||
| 500 | |a c.1 Donación Familia Prof. Alejandro Guzmán Brito. | ||
| 583 | |c 20220801 |k Catalogador Asistente | ||
| 610 | |a Universidad Complutense de Madrid |x Historia |z España |9 874511 | ||
| 650 | |a Universidades españolas |x Historia |9 874513 | ||
| 942 | |2 ddc |c BK |n 0 | ||
| 952 | |0 0 |1 0 |2 ddc |4 0 |6 378_460000000000000_PER_1993 |7 0 |8 C_AGB |9 585633 |a BIBDER |b BIBDER |d 2022-08-01 |e Donación |i 5653680 |o 378.46 PER 1993 |p 5653680 |r 2023-01-25 |t 1 |w 2022-08-01 |y BK_US |k AGB | ||